000 00419nam a2200169Ia 4500
003 GCL
008 140319s9999 xx 000 0 eng d
040 _aGCL /
_cGCL
082 0 4 _a547
_bS O
100 1 _aSCHMID, GEORGE H.
245 1 0 _aORGANIC CHEMISTRY /
_cSCHMID, GEORGE H.
260 _a[S.N] :
_bMOSBY ،
_c1995
300 _a1208 P
650 0 4 _aCHEMISTRY
650 0 4 _aCHEMISTRY IN ORGANIC
942 _2ddc
_cBK
999 _c10195
_d10195